[Event "St Petersburg White Nights op"]
[Site "St Petersburg"]
[Date "2009.06.14"]
[Round "6"]
[White "Katyshkina, Anastasia"]
[Black "Orlov, Anatoly"]
[Result "1/2-1/2"]
[WhiteElo "1799"]
[BlackElo "1999"]
[PlyCount "61"]
[EventDate "2009.06.09"]
[EventType "swiss"]
[EventRounds "9"]
[EventCountry "RUS"]
[SourceTitle "EXT 2011"]
[Source "ChessBase"]
[SourceDate "2010.11.26"]
[SourceVersion "1"]
[SourceVersionDate "2010.11.26"]
[SourceQuality "1"]

1. e4 c6 2. d4 d5 3. exd5 cxd5 4. Bd3 g6 5. c3 Nf6 6. h3 Bg7 7. Nf3 0-0 8. 0-0 Nc6 9. Bf4 Bf5 10. Bxf5 gxf5 11. Qc1 Kh8 12. Re1 e6 13. Na3 a6 14. Bg5 Rc8 15. Qf4 Qc7 16. Qe3 Ne4 17. Bf4 Qe7 18. Ng5 b5 19. Nxe4 fxe4 20. Rad1 b4 21. Nb1 bxc3 22. bxc3 Na5 23. f3 Nc4 24. Qf2 f5 25. Qg3 Rg8 26. Qf2 Bf6 27. Kh2 Nd6 28. Re2 e5 29. dxe5 Bxe5 30. Bxe5+ Qxe5+ 31. f4 1/2-1/2

[Event "St Petersburg Chigorin CC-ch"]
[Site "St Petersburg"]
[Date "2009.05.29"]
[Round "9"]
[White "Orlov, Anatoly"]
[Black "Pimenov, Revolt"]
[Result "0-1"]
[WhiteElo "1999"]
[BlackElo "2199"]
[PlyCount "90"]
[EventDate "2009.05.19"]
[EventType "swiss"]
[EventRounds "9"]
[EventCountry "RUS"]
[SourceTitle "CBM 130 Extra"]
[Source "ChessBase"]
[SourceDate "2009.07.02"]
[SourceVersion "2"]
[SourceVersionDate "2009.07.15"]
[SourceQuality "1"]

1. e4 e6 2. Qe2 c5 3. g3 Nc6 4. Nf3 g6 5. Bg2 Bg7 6. 0-0 Nge7 7. d3 d6 8. c3 0-0 9. Na3 Rb8 10. Nc2 b5 11. d4 b4 12. Re1 bxc3 13. bxc3 Qa5 14. Qd2 Ba6 15. Bf1 Bxf1 16. Kxf1 Rfe8 17. Rd1 cxd4 18. cxd4 f5 19. exf5 Qxf5 20. Qd3 Na5 21. Nce1 Nc4 22. Kg2 Qd5 23. Rb1 Nc6 24. Rxb8 Rxb8 25. Nc2 Rf8 26. Qe2 h6 27. Re1 e5 28. Qe4 Qxe4 29. Rxe4 d5 30. Rg4 e4 31. Nd2 Nxd2 32. Bxd2 Nxd4 33. Nxd4 Bxd4 34. Rxg6+ Kh7 35. Rxh6+ Kg7 36. Bg5 Rxf2+ 37. Kh3 Rf5 38. Bc1 Rf1 39. Bg5 Rf5 40. Bc1 Bf6 41. Kg2 d4 42. g4 Rc5 43. Bf4 d3 44. Kg3 Be5 45. Re6 Kf7 0-1

[Event "St Petersburg Chigorin CC-ch"]
[Site "St Petersburg"]
[Date "2009.05.22"]
[Round "4"]
[White "Dorokhova, Regina"]
[Black "Orlov, Anatoly"]
[Result "1-0"]
[WhiteElo "1973"]
[BlackElo "1999"]
[PlyCount "97"]
[EventDate "2009.05.19"]
[EventType "swiss"]
[EventRounds "9"]
[EventCountry "RUS"]
[SourceTitle "CBM 130 Extra"]
[Source "ChessBase"]
[SourceDate "2009.07.02"]
[SourceVersion "2"]
[SourceVersionDate "2009.07.15"]
[SourceQuality "1"]

1. d4 Nf6 2. c4 g6 3. Nc3 d5 4. cxd5 Nxd5 5. e4 Nxc3 6. bxc3 Bg7 7. Bc4 0-0 8. Ne2 Nc6 9. 0-0 b6 10. Ng3 Na5 11. Be2 c5 12. Bb2 cxd4 13. cxd4 Nc6 14. e5 Be6 15. f4 f5 16. Rc1 Bd5 17. Bf3 Rc8 18. Rf2 Bxf3 19. Rxf3 Nb4 20. Rxc8 Qxc8 21. Qb3+ Nd5 22. Qxd5+ e6 23. Qb3 Rd8 24. Rc3 Qd7 25. Rc4 b5 26. Rc5 a6 27. Ne2 Bf8 28. Rc2 a5 29. Qf3 Bb4 30. Qc6 a4 31. Nc1 Kf7 32. Qxd7+ Rxd7 33. Nd3 Ra7 34. Rc6 a3 35. Ba1 Rb7 36. Nc1 h6 37. Kf2 g5 38. g3 Rd7 39. Nb3 gxf4 40. gxf4 Rb7 41. Ke3 Be7 42. Nc5 Bxc5 43. Rxc5 h5 44. h4 Ke8 45. d5 Rg7 46. d6 Rg2 47. Rc8+ Kd7 48. Rc7+ Kd8 49. Bd4 1-0

[Event "St Petersburg Chigorin CC-ch"]
[Site "St Petersburg"]
[Date "2009.05.21"]
[Round "3"]
[White "Orlov, Anatoly"]
[Black "Gorbov, Andrey"]
[Result "1-0"]
[WhiteElo "1999"]
[BlackElo "1939"]
[PlyCount "101"]
[EventDate "2009.05.19"]
[EventType "swiss"]
[EventRounds "9"]
[EventCountry "RUS"]
[SourceTitle "CBM 130 Extra"]
[Source "ChessBase"]
[SourceDate "2009.07.02"]
[SourceVersion "2"]
[SourceVersionDate "2009.07.15"]
[SourceQuality "1"]

1. e4 c5 2. Nc3 e6 3. g3 d6 4. Bg2 Nc6 5. d3 a6 6. Nf3 Qc7 7. 0-0 b5 8. Ne2 Bb7 9. c3 Nf6 10. Re1 Be7 11. Nf4 Rc8 12. Ng5 Qd7 13. Bh3 Nd8 14. Nh5 Nxh5 15. Qxh5 Bxg5 16. Bxg5 0-0 17. Bg2 f6 18. Be3 Nf7 19. f4 d5 20. Qe2 Rc7 21. Qf2 Rfc8 22. Rad1 e5 23. Qf1 d4 24. Bh3 Qd6 25. Bxc8 Rxc8 26. Bc1 Qb6 27. Qf2 Qa5 28. cxd4 cxd4 29. b3 Nd6 30. Qd2 b4 31. a3 Rc3 32. axb4 Qxb4 33. Bb2 Rxb3 34. Qxb4 Rxb4 35. Ba3 Rb6 36. fxe5 fxe5 37. Rf1 h6 38. Rb1 Nb5 39. Rf8+ Kh7 40. Rb8 Kg6 41. Bc5 Rc6 42. Rxb7 Rxc5 43. Rb6+ Kh5 44. Rxa6 Nc3 45. Re1 Rb5 46. Re6 Na4 47. Rf1 g5 48. h3 Rb3 49. Rff6 Rb1+ 50. Kg2 Rb3 51. Kf3 1-0

[Event "St Petersburg Autumn op"]
[Site "St Petersburg"]
[Date "2009.??.??"]
[Round "5"]
[White "De Luna Butz, Alberto"]
[Black "Orlov, Anatoly"]
[Result "0-1"]
[WhiteElo "1795"]
[BlackElo "2005"]
[PlyCount "96"]
[EventDate "2009.10.??"]
[EventType "swiss"]
[EventRounds "9"]
[EventCountry "RUS"]
[SourceTitle "EXT 2011"]
[Source "ChessBase"]
[SourceDate "2010.11.26"]
[SourceVersion "1"]
[SourceVersionDate "2010.11.26"]
[SourceQuality "1"]

1. d4 Nf6 2. Bg5 c5 3. Bxf6 exf6 4. dxc5 Bxc5 5. Nc3 0-0 6. e3 Bb4 7. Qd2 Qa5 8. Nge2 d5 9. 0-0-0 Be6 10. a3 Bxc3 11. Qxc3 Nc6 12. Qxa5 Nxa5 13. Nd4 Nc6 14. Be2 a6 15. Rd2 Ne5 16. h3 b5 17. b3 Rac8 18. Kb2 Rc7 19. Rhd1 f5 20. Bf1 Nd7 21. Ne2 Rfc8 22. Nf4 Nf6 23. f3 Rc3 24. Bd3 g6 25. g4 fxg4 26. hxg4 Nd7 27. Ne2 R3c7 28. Nd4 Kg7 29. g5 Re8 30. Nxe6+ Rxe6 31. e4 dxe4 32. Bxe4 Nc5 33. Rd6 Re5 34. R6d5 Ree7 35. Re1 Re6 36. Re2 f5 37. gxf6+ Kxf6 38. Kb1 h5 39. Bd3 Nxd3 40. Rxe6+ Kxe6 41. Rxd3 g5 42. Kc1 h4 43. Rd2 Ke5 44. Kd1 Kf4 45. Ke2 Kg3 46. a4 h3 47. axb5 axb5 48. c4 h2 0-1

[Event "St Petersburg Autumn op"]
[Site "St Petersburg"]
[Date "2009.??.??"]
[Round "9"]
[White "Gantsevich, Aleksei"]
[Black "Orlov, Anatoly"]
[Result "1-0"]
[WhiteElo "2095"]
[BlackElo "2005"]
[PlyCount "71"]
[EventDate "2009.10.??"]
[EventType "swiss"]
[EventRounds "9"]
[EventCountry "RUS"]
[SourceTitle "EXT 2011"]
[Source "ChessBase"]
[SourceDate "2010.11.26"]
[SourceVersion "1"]
[SourceVersionDate "2010.11.26"]
[SourceQuality "1"]

1. e4 c6 2. d4 d5 3. Nc3 g6 4. h3 Bg7 5. Nf3 Nf6 6. e5 Ne4 7. Nxe4 dxe4 8. Ng5 c5 9. d5 Bxe5 10. Nxe4 0-0 11. c3 b6 12. Bh6 Re8 13. Qf3 Nd7 14. Bb5 Bb7 15. 0-0-0 Qc7 16. Rhe1 a6 17. Bxd7 Qxd7 18. Nxc5 bxc5 19. Rxe5 f6 20. Re2 Rad8 21. Red2 Qd6 22. Qe2 Kf7 23. Be3 Rc8 24. Qc4 a5 25. Bf4 Ba6 26. Qe4 Qd7 27. d6 e5 28. Be3 Kg7 29. Qh4 g5 30. Qh5 Bc4 31. h4 Bf7 32. Qf3 g4 33. Bh6+ Kxh6 34. Qxf6+ Bg6 35. Qg5+ Kg7 36. h5 1-0

[Event "St Petersburg Autumn op"]
[Site "St Petersburg"]
[Date "2009.??.??"]
[Round "6"]
[White "Orlov, Anatoly"]
[Black "Eltsov, Valery"]
[Result "1/2-1/2"]
[WhiteElo "2005"]
[BlackElo "2090"]
[PlyCount "30"]
[EventDate "2009.10.??"]
[EventType "swiss"]
[EventRounds "9"]
[EventCountry "RUS"]
[SourceTitle "EXT 2011"]
[Source "ChessBase"]
[SourceDate "2010.11.26"]
[SourceVersion "1"]
[SourceVersionDate "2010.11.26"]
[SourceQuality "1"]

1. e4 e5 2. Nc3 Nf6 3. g3 d5 4. exd5 Nxd5 5. Bg2 Nxc3 6. bxc3 Bc5 7. Ne2 Nc6 8. 0-0 0-0 9. d3 Be6 10. a4 Bd5 11. Be3 Bxg2 12. Kxg2 Qd5+ 13. Kg1 Rad8 14. c4 Qd6 15. Nc3 b6 1/2-1/2

[Event "St Petersburg Nov op"]
[Site "St Petersburg"]
[Date "2008.11.04"]
[Round "4"]
[White "Korchagina, Victoria"]
[Black "Orlov, Anatoly"]
[Result "1-0"]
[WhiteElo "2176"]
[BlackElo "2037"]
[PlyCount "127"]
[EventDate "2008.11.01"]
[EventType "swiss"]
[EventRounds "9"]
[EventCountry "RUS"]
[SourceTitle "EXT 2010"]
[Source "ChessBase"]
[SourceDate "2010.11.25"]
[SourceVersion "1"]
[SourceVersionDate "2010.11.25"]
[SourceQuality "1"]

1. e4 c6 2. d4 d5 3. Nd2 g6 4. h3 Bg7 5. Ngf3 Nf6 6. e5 Ne4 7. Bd3 Nxd2 8. Bxd2 0-0 9. 0-0 Qb6 10. Qc1 c5 11. dxc5 Qxc5 12. Bh6 Nc6 13. Qf4 Qb4 14. Qc1 Nd4 15. Nxd4 Qxd4 16. Bxg7 Kxg7 17. Qg5 Qc5 18. Kh1 f5 19. Rae1 e6 20. f4 Rf7 21. h4 Qe7 22. Qg3 Bd7 23. Rf3 Rg8 24. Qf2 b6 25. Rh3 Kh8 26. c4 Bc6 27. Rc1 Qb7 28. Bf1 Rd7 29. cxd5 Bxd5 30. Rhc3 h6 31. Bb5 Re7 32. Bc6 Bxc6 33. Rxc6 g5 34. hxg5 hxg5 35. Kg1 gxf4 36. Qxf4 Rh7 37. R1c2 Qf7 38. Rc7 Qh5 39. Rxh7+ Kxh7 40. Rd2 Rg7 41. Rd6 Re7 42. Rd3 Kg8 43. Qd4 Qg5 44. Qd8+ Kf7 45. Qh8 Rc7 46. Qh7+ Qg7 47. Qh5+ Qg6 48. Qh4 a5 49. Rg3 Rc4 50. Qh3 Rg4 51. Rc3 f4 52. Kh2 Qf5 53. Qh8 Rxg2+ 54. Kxg2 Qe4+ 55. Kf2 Qd4+ 56. Kf3 Qd1+ 57. Kxf4 Qd2+ 58. Ke4 Qe2+ 59. Kf4 Qd2+ 60. Re3 Qd4+ 61. Kf3 Qd1+ 62. Kg3 Qg1+ 63. Kf4 Qf2+ 64. Rf3 1-0

[Event "Chigorin Memorial 16th"]
[Site "St Petersburg"]
[Date "2008.10.10"]
[Round "8"]
[White "Fokin, Anatoly"]
[Black "Orlov, Anatoly"]
[Result "0-1"]
[WhiteElo "1919"]
[BlackElo "2037"]
[PlyCount "90"]
[EventDate "2008.10.03"]
[EventType "swiss"]
[EventRounds "9"]
[EventCountry "RUS"]
[SourceTitle "CBM 126 Extra"]
[Source "ChessBase"]
[SourceDate "2008.11.05"]
[SourceVersion "1"]
[SourceVersionDate "2008.11.05"]
[SourceQuality "1"]

1. d4 Nf6 2. c4 g6 3. Nc3 d5 4. e3 Bg7 5. Nf3 0-0 6. h3 b6 7. b3 c5 8. Bb2 cxd4 9. exd4 Bb7 10. Bd3 Nc6 11. 0-0 Rc8 12. Re1 e6 13. Rb1 Re8 14. Qd2 Qd6 15. Nb5 Qb8 16. Ba3 Red8 17. c5 bxc5 18. Bxc5 Ne4 19. Qc2 a6 20. Nc3 Nxc5 21. dxc5 Nb4 22. Qd2 Nxd3 23. Qxd3 Rxc5 24. Na4 Rc7 25. b4 Bc6 26. Nc5 Bb5 27. Qe3 d4 28. Qf4 Re7 29. Qh4 Ree8 30. a4 Bc6 31. Nxa6 Qb6 32. Nc5 Bxf3 33. gxf3 Rd5 34. a5 Qb5 35. Qe4 d3 36. Red1 Red8 37. a6 Bd4 38. f4 Bxc5 39. bxc5 Qxa6 40. Rbc1 Rc8 41. Qb4 Qc6 42. Rc3 Rcd8 43. Qe4 Rg5+ 44. fxg5 Qxe4 45. c6 Rc8 0-1

[Event "Chigorin Memorial 16th"]
[Site "St Petersburg"]
[Date "2008.10.05"]
[Round "2"]
[White "Orlov, Anatoly"]
[Black "Balakirev, Ilya"]
[Result "0-1"]
[WhiteElo "2037"]
[BlackElo "2243"]
[PlyCount "37"]
[EventDate "2008.10.03"]
[EventType "swiss"]
[EventRounds "9"]
[EventCountry "RUS"]
[SourceTitle "CBM 126 Extra"]
[Source "ChessBase"]
[SourceDate "2008.11.05"]
[SourceVersion "1"]
[SourceVersionDate "2008.11.05"]
[SourceQuality "1"]

1. e4 c5 2. g3 d5 3. Nc3 e6 4. Bg2 Nf6 5. d3 Nc6 6. Bg5 d4 7. Nce2 Be7 8. f4 Ng4 9. Bxe7 Kxe7 10. Qd2 Ne3 11. Bf3 Nb4 12. Rc1 Nxa2 13. Ra1 Nb4 14. Rc1 e5 15. fxe5 Nc6 16. Nf4 Be6 17. Bd1 Nxe5 18. b4 b6 19. Ng2 0-1

[Event "St Petersburg-ch Seniors"]
[Site "St Petersburg"]
[Date "2007.03.26"]
[Round "4"]
[White "Orlov, Anatoly"]
[Black "Glazov, Anatoly"]
[Result "1-0"]
[WhiteElo "2062"]
[BlackElo "1970"]
[PlyCount "81"]
[EventDate "2007.03.19"]
[EventType "swiss"]
[EventRounds "9"]
[EventCountry "RUS"]
[SourceTitle "EXT 2010"]
[Source "ChessBase"]
[SourceDate "2010.11.25"]
[SourceVersion "1"]
[SourceVersionDate "2010.11.25"]
[SourceQuality "1"]

1. e4 c5 2. g3 Nc6 3. Bg2 Nf6 4. f4 d6 5. d3 g6 6. Nf3 Bg7 7. 0-0 Qb6 8. c4 Bg4 9. h3 Bd7 10. Nc3 e6 11. Nb5 Ke7 12. g4 a6 13. Nc3 Rag8 14. f5 gxf5 15. exf5 h6 16. Re1 Kd8 17. g5 hxg5 18. Nxg5 Ke7 19. Nd5+ Nxd5 20. cxd5 Bd4+ 21. Kh1 Ne5 22. fxe6 fxe6 23. dxe6 Bxe6 24. Nxe6 Kxe6 25. Qf3 Qc6 26. Re4 Rf8 27. Qg4+ Rf5 28. Rxe5+ Bxe5 29. Bxc6 bxc6 30. Be3 Bxb2 31. Re1 Kf6 32. h4 Be5 33. Bg5+ Ke6 34. Rf1 Rhf8 35. h5 d5 36. h6 c4 37. dxc4 d4 38. h7 c5 39. Bf6 Bxf6 40. Qxf5+ Ke7 41. Qxf6+ 1-0

[Event "Chigorin Memorial 13th"]
[Site "St Petersburg"]
[Date "2005.10.19"]
[Round "5"]
[White "Kharitonov, Egor"]
[Black "Orlov, Anatoly"]
[Result "0-1"]
[WhiteElo "2217"]
[BlackElo "2073"]
[PlyCount "112"]
[EventDate "2005.10.15"]
[EventType "swiss"]
[EventRounds "9"]
[EventCountry "RUS"]
[SourceTitle "CBM 108 Extra"]
[Source "ChessBase"]
[SourceDate "2005.11.04"]
[SourceVersion "1"]
[SourceVersionDate "2005.11.04"]
[SourceQuality "1"]

1. e4 c6 2. d4 d5 3. e5 Bf5 4. Nf3 e6 5. Be2 c5 6. Be3 Qb6 7. Nc3 Nc6 8. 0-0 Qa5 9. dxc5 Bxc5 10. Bxc5 Qxc5 11. Nb5 Kf8 12. Nbd4 Bg4 13. c3 Nge7 14. Qd2 Bxf3 15. Nxf3 Ng6 16. Kh1 h6 17. Rae1 Ncxe5 18. Nxe5 Nxe5 19. f4 Nc4 20. Bxc4 dxc4 21. Re5 Qc7 22. Qd4 Rd8 23. Qxa7 g6 24. h3 Kg7 25. Rb5 Rd7 26. Qe3 Rc8 27. Qe5+ Qxe5 28. fxe5 Rcc7 29. Re1 Rd5 30. Rb4 b5 31. a4 bxa4 32. Rxa4 Rb5 33. Re2 g5 34. g4 Kg6 35. Kg2 Rcc5 36. Rf2 Rxe5 37. Rxc4 Rb3 38. Rd4 f5 39. gxf5+ exf5 40. Rd6+ Kh5 41. Rf6 f4 42. Rd2 Re1 43. Rc6 Rb1 44. Rdd6 R3xb2+ 45. Kf3 Rf1+ 46. Ke4 Re1+ 47. Kf5 Rb5+ 48. Kf6 Rbe5 49. Rc7 f3 50. Rf7 Kh4 51. Kg7 Re7 52. Rdf6 Rxf7+ 53. Rxf7 Kg3 54. Kxh6 Re5 55. h4 gxh4 56. Rg7+ Kf4 0-1

[Event "Chigorin Memorial 13th"]
[Site "St Petersburg"]
[Date "2005.10.17"]
[Round "3"]
[White "Kim, Alexey"]
[Black "Orlov, Anatoly"]
[Result "1-0"]
[WhiteElo "2437"]
[BlackElo "2073"]
[PlyCount "77"]
[EventDate "2005.10.15"]
[EventType "swiss"]
[EventRounds "9"]
[EventCountry "RUS"]
[SourceTitle "CBM 108 Extra"]
[Source "ChessBase"]
[SourceDate "2005.11.04"]
[SourceVersion "1"]
[SourceVersionDate "2005.11.04"]
[SourceQuality "1"]

1. e4 c6 2. d4 d5 3. Nd2 g6 4. e5 h5 5. Ne2 Bf5 6. h3 Nh6 7. Nf3 Be4 8. Nf4 e6 9. c3 Bxf3 10. Qxf3 Nf5 11. Bd3 Ng7 12. h4 Nf5 13. Bxf5 gxf5 14. Nxh5 Nd7 15. Bg5 Be7 16. Ng7+ Kf8 17. Bxe7+ Qxe7 18. Nh5 Ke8 19. 0-0-0 Kd8 20. g3 Kc7 21. Kb1 b5 22. Nf4 a5 23. Qe3 c5 24. dxc5 Qxc5 25. Rd4 Kb7 26. Rhd1 Nb6 27. Qf3 Qc6 28. h5 Qc7 29. Qe2 Qc6 30. f3 Rac8 31. g4 fxg4 32. fxg4 Rc7 33. Rf1 Rhc8 34. Nd3 Na4 35. Rdf4 Qxc3 36. Rxa4 Qc2+ 37. Qxc2 Rxc2 38. Rd4 Rh2 39. a3 1-0